An encyclopedia of the chemical process industries /

Bibliographic Details
Main Author: Stewart, Jeffrey R., 1905-
Format: Book
Language:English
Published: New York : Chemical Pub. Co., 1956.
Subjects:

MARC

Tag First Indicator Second Indicator Subfields
LEADER 00000cam a2200000 4500
001 in00000731925
005 20151016070226.0
008 750717s1956 nyu de 00010 eng u
010 |a  56002478  
035 |a (OCoLC)01455227 
035 |9 ADE2545AM 
040 |c DZM  |d TXA  |d UtOrBLW 
049 |a TXAM  
050 0 0 |a TP9  |b .S68 
082 0 |a 660.3 
092 |a 660.3  |b S849n, 1956 
100 1 |a Stewart, Jeffrey R.,  |d 1905- 
245 1 3 |a An encyclopedia of the chemical process industries /  |c by Jeffrey R. Stewart, assisted by Frances E. Spicer. 
264 1 |a New York :  |b Chemical Pub. Co.,  |c 1956. 
300 |a 820 pages ;  |c 24 cm. 
336 |a text  |b txt  |2 rdacontent 
337 |a unmediated  |b n  |2 rdamedia 
338 |a volume  |b nc  |2 rdacarrier 
500 |a "Based entirely on the fourth edition of Stewart's scientific dictionary [previously published under title: The national paint dictionary] but contains a detailed Addenda section describing the newest commercial products and difining terms which were inadvertently omitted from the fourth edition." 
650 0 |a Chemistry, Technical  |v Dictionaries. 
700 1 |a Stewart, Jeffrey R.,  |d 1905-  |t National paint dictionary. 
999 |a MARS 
999 f f |s 53fe0b4a-5f5c-3e29-9e26-556cc813f4b7  |i 3229928e-3087-3e0f-9f76-ac143c95e04c  |t 0 
952 f f |p ric  |a Texas A&M University  |b Rellis Campus  |c Joint Library Facility  |d Remote Storage  |t 0  |e TP9 .S68  |h Library of Congress classification  |i unmediated -- volume  |m A14801109498 
998 f f |a TP9 .S68  |t 0  |l Remote Storage